| 000 | 00731nam a22001577a 4500 | ||
|---|---|---|---|
| 003 | OSt | ||
| 005 | 20151212092320.0 | ||
| 008 | 151212b xxu||||| |||| 00| 0 eng d | ||
| 040 | _cRUA | ||
| 082 | _aATM DUO 2004 B206 Or.1 | ||
| 100 |
_94746 _aDUONG, SAMATH. |
||
| 245 | _aThe gender in coastal fisheries resources mamagement a study in coastal fisheries communities, sihanouk ville (យេនឌ័រក្នុងការគ្រប់គ្រងធនធានជលផលតំបន់ឆ្នេរសិក្សានៅសហគមន៏នេសាទតំបន់ឆ្នេរក្រុងព្រះសីហនុ) | ||
| 260 |
_aPhnom Penh _bRUA _c2004 |
||
| 300 |
_ax, 43p. _bill. _c29cm. |
||
| 942 |
_2ddc _cATM |
||
| 999 |
_c4423 _d4423 |
||